Kathasaritsagarah (Record no. 364536)

MARC details
000 -LEADER
fixed length control field 003530000a22001570004500
005 - DATE AND TIME OF LATEST TRANSACTION
control field 20120302065337.0
040 ## - CATALOGING SOURCE
Original cataloging agency San
100 ## - MAIN ENTRY--PERSONAL NAME
Personal name Shree Somadevabhatt, Mahakavi
245 ## - TITLE STATEMENT
Title Kathasaritsagarah
250 ## - EDITION STATEMENT
Edition statement 1st
260 ## - PUBLICATION, DISTRIBUTION, ETC. (IMPRINT)
Place of publication, distribution, etc Delhi:Motilal Banarasidass, 1970
300 ## - PHYSICAL DESCRIPTION
Extent 8p+596p
365 ## - TRADE PRICE
Price amount /-
650 ## - SUBJECT ADDED ENTRY--TOPICAL TERM
Topical term or geographic name as entry element Sanskrit Katha
942 ## - ADDED ENTRY ELEMENTS (KOHA)
Koha item type Book
Holdings
Withdrawn status Lost status Damaged status Not for loan Home library Current library Date acquired Total Checkouts Barcode Date last seen Price effective from
        Institute For Oriental Study, Thane Institute For Oriental Study, Thane 12/02/2009   IOS-S 25591 12/02/2009 12/02/2009